LEADER 00974nam a2200241 i 4500 001 000000202870 003 CaOOAMICUS 005 20151202000000.0 008 151202s1997 it u000 u ita u 013 $a181581 020 $a88-202-1237-4 040 $aSeMil$bita 245 10$aKandinsky :$bopere dal Centre Georges Pompidou. 260 $aMilano :$bMazzotta,$cstampa 1997. 300 $a182 p. :$bill. ;$c30 cm. 500 $aCatalogo della Mostra tenuta a Milano nel 1997-1998. 600 14$aKandinskij, Vasilij Vasil'evic <1866-1944>.$0(OLS)http://semarc/subject/13961 850 $aSeMil 852 $aSeMil$W1$xVenegono$y1$m5F X 33$j153369$B153369$CSeMilBibl$Z2$F209090 $81 961 $aOmaggio: Istituto San Vincenzo 996 $6020$a88-202-1237-4$9(OLS)http://semarc/number/195907 996 $6245$aKandinsky :$bopere dal Centre Georges Pompidou$9(OLS)http://semarc/title/293645 996 $6260$aMilano :$bMazzotta$9(OLS)http://semarc/publisher/32846 LEADER 00856nam a2200217 i 4500 001 000000104089 003 CaOOAMICUS 005 20011029000000.0 008 011029s1942 it u000 u ita u 013 $a76276 040 $aSeMil$bita 100 1 $aCioni, Raffaello.$0(OLS)http://semarc/name/18184 245 10$aVita di San Francesco di Sales /$cRaffaello Cioni. 250 $a3. edizione. 260 $a[Firenze] :$bLibreria Editrice Fiorentina,$c1942. 300 $a518 p. ;$c19 cm. 600 04$aFrancesco : di Sales .$0(OLS)http://semarc/subject/787 850 $aSeMil 852 $aSeMil$W1$xVenegono$y1$m3J I 194$j60518$B60518$CSeMilBibl$Z2$F44975 $81 996 $6245$aVita di San Francesco di Sales$9(OLS)http://semarc/title/150986 996 $6260$a[Firenze] :$bLibreria Editrice Fiorentina$9(OLS)http://semarc/publisher/31476